Alphabet Russe - Statistiques

Statistiques générales
  • Ce quiz a été pris 821 fois
  • Le résultat moyen est 16 sur 23
Statistiques - réponses
Russe Français % Correct
А a
99%
Б b
97%
Е e
90%
Д d
88%
В v
86%
М m
85%
Г g
84%
О o
83%
Т t
82%
К k
80%
И i
79%
Р r
79%
П p
78%
Н n
77%
Л l
76%
С c
74%
Ф f
69%
З z
67%
У y
55%
Й j
17%
Я ja
9%
Ё jo
8%
Ю ju
8%
Aucun quiz correspondant
Distribution des résultats
% des personnes avec chaque résultat
Percentile par nombre de réponses
Votre historique - résultats
Vous n’avez pas pris ce quiz